Регионална библиотека "Любен Каравелов" - Русе

Триумф (Запис номер 104712)

MARC детайли
000 -Лидер
Контролно поле с фиксирана дължина 01245nam a2200325 c 4500
003 - Код на организацията, давaща контролен номер
Контролно поле BLK
005 - Дата и час на последна редакция
Контролно поле 20210401144753.0
008 - Елементи от данни с фиксирана дължина
fixed length control field 180409b bul|||||r ||||||| ||bul||
010 ## - Наследен системен номер
LC control number KNG00109822000
020 ## - Международен стандартен номер на книга ISBN
Международен стандартен номер на книга ISBN 954-585-496-0
-- издат.: Бард
040 ## - Източник на каталожния запис
Идентификатор на билиотеката - собственик на записа BLK
041 ## - Код за език
Код за езика на текст/звукозапис или на отделно заглавие Български
Код за езика КДБФ Български
080 ## - УДК
Текстов определител УДК Американска литература (на САЩ)
УДК код - определител по УДК 821.111(73)
УДК определител -31
УДК - код + определител 821.111(73)-31
100 1# - Редна дума - Автор
Автор Греъм, Хедър
Авторска отговорност първи автор
R(LIN) 363714
139 ## - Редно поле
Редна дума Греъм, Хедър
Авторски знак Грек - Г 80
245 10 - Сведения за заглавието
Заглавие Триумф
Подзаглавни данни Роман
Редно поле (дума) Хедър Греъм; прев. от англ. Диана Кутева; прев. от англ. Стамен Димов Стойчев.
257 ## - Страна на издаване
Страна на създаване/издаване Съединени американски щати
260 ## - Област на издателските данни
-- София
Име на издателя, разпространителя и проч. Бард
Година на издаване 2003
300 ## - Физическа характеристика
Страници 512 с.
Размери/Мащаб 20 см
380 ## - Жанр
Жанр Худож. лит.
500 ## - Общи забележки
Забележка Ориг. загл. Triumph / Heather Graham.
653 ## - Ключова дума – ненормативна
Ключова дума романи
700 1# - Други автори (авторска отговорност)
Лично име Кутева, Диана
Автороска отговорност (Описва отношението между автора и произведението) прев. от англ.
9 (RLIN) 364219
700 1# - Други автори (авторска отговорност)
Лично име Стойчев, Стамен Димов
Автороска отговорност (Описва отношението между автора и произведението) прев. от англ.
9 (RLIN) 364706
852 ## - Местоположение
Форматна сигнатура Цб 217255
856 4# - Електронен адрес и достъп
Електронен формат pdf - файл
Път до файла /url/
856 4# - Електронен адрес и достъп
Електронен формат pdf - файл
Път до файла /url/
942 ## - АРТИКУЛИ
Вид на библиотечния материал Книги
Скрит в OPAC Не
Koha issues (borrowed), all copies 6
944 ## - СЪЗДАВАНЕ И РЕДАКЦИЯ на ЗАПИСА
Създаване/Редакция Създаване
Дата на регистрацията/редакция 22.12.2003
Статус, дата на статуса ф /
Служител, извършил регистрацията/редакцията Цветанка_Енчева
944 ## - СЪЗДАВАНЕ И РЕДАКЦИЯ на ЗАПИСА
Създаване/Редакция Редакция
Дата на регистрацията/редакция 15.06.2016
Статус, дата на статуса ф /
Служител, извършил регистрацията/редакцията Людмила_Стоянова
999 ## - СИСТЕМНИ КОНТРОЛНИ НОМЕРА
Koha biblionumber 104712
Koha biblioitemnumber 104712
Наличности
Код за отписване Код за изгубен артикул Източник на класификационната схема Код за повреда Коз за рестрикции Код за отдаване Артикулен № Име на библиотеката - собственик Име на библиотеката, в която се намира в момента Статус (Текущо местоположение) Дата на вписване в системата Местоположение - отдел Цена в лева Инвентарен номер Систематично азбучна сигнатура Баркод Номер на екземпляра Цена в евро Служебна бележка Служебен тип на артикула
Изтеглен Не е изгубен Universal Decimal Classification Не е повреден без рестрикции заемане за дома 169277 Регионална библиотека "Любен Каравелов" Русе Регионална библиотека "Любен Каравелов" Русе Заемна - подръчен фонд 2003-12-22 Заемна - подръчен фонд 7.98 120000681227 П 820(73)-31/Г 80 120000681227 1 4.08 Дост: Pk Вид: Ф N: 8854 Дата: 19.12.2003 Книги
  Не е изгубен   Не е повреден без рестрикции заемане за дома 169278 Регионална библиотека "Любен Каравелов" Русе Регионална библиотека "Любен Каравелов" Русе Заемна - подръчен фонд 2003-12-30 Заемна - подръчен фонд 7.98 120000681361 П 820(73)-31/Г 80 120000681361 2 4.08 Дост: Pk Вид: Ф N: 8858 Дата: 29.12.2003 Дата инв: 15.02.2018 Бележки инв: П2018 Книги
Vip Innovations Ltd, Rousse, Bulgaria 2025